000 00361nam a2200145Ia 4500
005 20251222141757.0
008 251222s9999||||xx |||||||||||||| ||spa||
020 _a9789607706751
082 _a451/T69B1-B2/S2B
100 _aTommasini, Maria Gloria
245 0 _a Nuovo Progetto Italiano 2:
250 _a1ra.ed.
264 _bEdizioni Edilingua
942 _cLIB
999 _c6015
_d6015